Child psychology / (Record no. 157780)

MARC details
000 -LEADER
fixed length control field 00648nam a22002057a 4500
005 - DATE AND TIME OF LATEST TRANSACTION
control field 20230130121252.0
010 ## - LCCN (DPL NO)
LC control number ENG-124133 ENG-136072
020 ## - INTERNATIONAL STANDARD BOOK NUMBER
Terms of availability 1495.00
International Standard Book Number 9789386761286
035 ## - SYSTEM CONTROL NUMBER
System control number EN-107665
035 ## - SYSTEM CONTROL NUMBER
System control number EN-119604
037 ## - SOURCE OF ACQUISITION
Source of stock number/acquisition DBAD/PUB.
082 ## - DEWEY DECIMAL CLASSIFICATION NUMBER
Classification number 155.4
100 ## - MAIN ENTRY--PERSONAL NAME
Personal name Mahjabeen Khanam
245 ## - TITLE STATEMENT
Title Child psychology /
Statement of responsibility, etc by Mahjabeen Khanam
260 ## - PUBLICATION, DISTRIBUTION, ETC. (IMPRINT)
Place of publication, distribution, etc New Delhi
Name of publisher, distributor, etc Ane Books Pvt. Ltd.
Date of publication, distribution, etc 2018
270 ## - ADDRESS
Address 4821, Parwana Bhawan, Ist Floor, 24 Ansari Road, Darya Ganj,
City New Delhi
Postal code 110002
300 v# - PHYSICAL DESCRIPTION
Extent vi,271p.
Dimensions 22cm.(Hb)
500 ## - GENERAL NOTE
General note It includes bibliography and index
942 ## - ADDED ENTRY ELEMENTS (KOHA)
Source of classification or shelving scheme Dewey Decimal Classification
Item type English Books
Call number suffix MAH
Classification part 155.4
Holdings
Withdrawn status Lost status Not for loan Collection code Home library Current library Date acquired Source of acquisition Cost, normal purchase price Full call number Barcode Copy number Cost, replacement price Koha item type
      Non-fiction R.K.Puram-8 R.K.Puram-8 30/01/2023 DBAD/PUB 1495.00 155.4 MAH EN-119604 1 1495.00 English Books
    Not For Loan Non-fiction D.B.Act.Division Sarojini Nagar 29/09/2018 DBAD/PUB 1495.00 155.4 MAH EN-107665 1 1495.00 English Books

© Delhi Public Library
Hit Counter
free hit counter